The latex graphics companion : (Record no. 29910)

000 -LEADER
fixed length control field 00705 a2200181 4500
020 ## - INTERNATIONAL STANDARD BOOK NUMBER
International Standard Book Number 0201854694
020 ## - INTERNATIONAL STANDARD BOOK NUMBER
International Standard Book Number 9780201854695
082 ## - DEWEY DECIMAL CLASSIFICATION NUMBER
Classification number 686.225445369
090 ## - LOCALLY ASSIGNED LC-TYPE CALL NUMBER (OCLC); LOCAL CALL NUMBER (RLIN)
-- 1297
-- 1297
100 1# - MAIN ENTRY--PERSONAL NAME
Personal name Goossens, Michel.
245 14 - TITLE STATEMENT
Title The latex graphics companion :
Remainder of title illustrating documents with tex and postscript(R) /
Statement of responsibility, etc. Michel Goossens, Sebastian Rahtz, Frank Mittelbach.
260 ## - PUBLICATION, DISTRIBUTION, ETC.
Place of publication, distribution, etc. [S.l.] :
Name of publisher, distributor, etc. Addison-Wesley Professional,
Date of publication, distribution, etc. 1997.
300 ## - PHYSICAL DESCRIPTION
Extent 608 p. ;
Dimensions 24 cm.
700 1# - ADDED ENTRY--PERSONAL NAME
Personal name Rahtz, Sebastian.
700 1# - ADDED ENTRY--PERSONAL NAME
Personal name Mittelbach, Frank.
942 ## - ADDED ENTRY ELEMENTS (KOHA)
Institution code [OBSOLETE] SNS
Koha item type Book
Call number prefix 686.225445369 GOO
Holdings
Withdrawn status Lost status Damaged status Not for loan Permanent Location Current Location Date acquired Total Checkouts Full call number Barcode Date last seen Price effective from Koha item type
        School of Natural Sciences (SNS) School of Natural Sciences (SNS) 05/26/2016   686.225445369 GOO SNS0001336 05/26/2016 05/26/2016 Book
© 2023 Central Library, National University of Sciences and Technology. All Rights Reserved.